Sài Gòn mai gọi nhau bằng cưng Tản văn
Đã lưu trong:
| 主要作者: | |
|---|---|
| 格式: | 图书 |
| 语言: | Undetermined |
| 出版: |
Tp. Hồ Chí Minh
Nxb. Trẻ
2014
|
| 主题: | |
| 在线阅读: | http://lrc.tdmu.edu.vn/opac/search/detail.asp?aID=2&ID=23687 |
| 标签: |
添加标签
没有标签, 成为第一个标记此记录!
|
| Thư viện lưu trữ: | Trung tâm Học liệu Trường Đại học Thủ Dầu Một |
|---|
| LEADER | 00654nam a2200205Ia 4500 | ||
|---|---|---|---|
| 001 | TDMU_23687 | ||
| 008 | 210410s9999 xx 000 0 und d | ||
| 082 | |a 895.9228408 | ||
| 090 | |b H100 | ||
| 100 | |a Hạ Dung | ||
| 245 | 0 | |a Sài Gòn mai gọi nhau bằng cưng | |
| 245 | 0 | |b Tản văn | |
| 245 | 0 | |c Hạ Dung | |
| 260 | |a Tp. Hồ Chí Minh | ||
| 260 | |b Nxb. Trẻ | ||
| 260 | |c 2014 | ||
| 300 | |a 159 tr. | ||
| 650 | |a Văn học |z Việt Nam; Văn xuôi Việt Nam |y Thế kỷ 21 | ||
| 856 | |u http://lrc.tdmu.edu.vn/opac/search/detail.asp?aID=2&ID=23687 | ||
| 980 | |a Trung tâm Học liệu Trường Đại học Thủ Dầu Một | ||